000 00628nam a22001937a 4500
005 20251108165446.0
008 250721s1985 xx 000 0 ara d
082 1 4 _aم/217.12/أحم
100 1 _aالسرسي، أحمد النشوقي
245 1 0 _aالأنوار الساطعة في المذاهب الأربعة :
_bالعبادات /
264 1 _aبيروت :
_bدار الكتاب العربي،
_c1985.
300 _a758ص
650 1 7 _aالإسلام
650 1 7 _aالفقهاء المسلمون
650 1 7 _aالفقه الإسلامي
650 1 7 _aفقه السنة
942 _2ddc
_cREF
999 _c28438
_d28438